LEADER 01152nam a2200277 i 4500 001 991000907659707536 005 20020502180909.0 008 941215s1973 it 001 0 ita 020 $a8814046492 035 $ab11435240-39ule_inst 035 $aPRUMB51278$9ExL 040 $aScuola per assistenti sociali$bita 082 0 $a346.45 100 1 $aVincenzi Amato, Diana$0211112 245 14$aGli alimenti :$bstruttura giuridica e funzione sociale /$cDiana Vincenzi Amato 260 $aMilano :$bGiuffrè,$c1973 300 $a240 p. ;$c24 cm. 490 0 $aPubblicazioni dell'Istituto di studi giuridici della Facoltà di Scienze politiche dell'Università di Roma.$pSerie 5. ;$v14 650 4$aAlimenti$xDiritto 907 $a.b11435240$b01-03-17$c01-07-02 912 $a991000907659707536 945 $aLE024 D/B IV 2$g1$iLE024N-3096$lle021$nex DUSS$o-$pE0.00$q-$rn$sm $t0$u0$v0$w0$x0$y.i11619661$z01-07-02 945 $aLE027 346.45 VIN01.01$g1$i2027000127955$lle027$op$pE9.30$q-$rl$s- $t0$u0$v0$w0$x0$y.i14410886$z27-03-07 996 $aAlimenti$9689424 997 $aUNISALENTO 998 $ale021$ale027$b01-01-94$cm$da $e-$fita$git $h4$i1 LEADER 00953nam0 22002651i 450 001 UON00102368 005 20231205102558.474 100 $a20020107f |0itac50 ba 101 $aara 102 $aEG 105 $a|||| 1|||| 200 1 $aˆal-‰Sahhad$fNagib Mahfuz 210 $aal-Qahira$cMaktabat Misr$d[19..] 215 $a160 p.$d20 cm 620 $aEG$dIl Cairo$3UONL000377 686 $aEGI VI BAX$cEGITTO - LETTERATURA MODERNA - TESTI - PROSA$2A 700 1$aMAHFUZ$bNagib$3UONV004521$0482130 712 $aMaktabat Misr$3UONV246627$4650 790 1$aNAGIB, Mahfuz$zMAHFUZ, Nagib$3UONV165192 801 $aIT$bSOL$c20240220$gRICA 899 $aSIBA - SISTEMA BIBLIOTECARIO DI ATENEO$2UONSI 912 $aUON00102368 950 $aSIBA - SISTEMA BIBLIOTECARIO DI ATENEO$dSI EGI VI BAX 073 $eSI AR 3485 7 073 996 $aSahhad$91310799 997 $aUNIOR